| 000 | 00529nam a22001817a 4500 | ||
|---|---|---|---|
| 005 | 20260326162315.0 | ||
| 020 | _a9789349358072 | ||
| 041 | _aENG | ||
| 082 |
_a658.4092 _bJAN |
||
| 100 | _a Janni, Nicolas | ||
| 245 |
_aLeader as healer : _ba new paradigm for 21st-century leadership / _cNicolas Janni |
||
| 260 |
_aHyderabad : _bJaico Publishing House , _c2025. |
||
| 300 |
_axvi, 218 pages : _bIllustrations ; _c21 cm. |
||
| 650 | _aLeadership, | ||
| 650 | _aOrganizational behavior | ||
| 650 | _a Business | ||
| 942 |
_2ddc _cBK |
||
| 999 |
_c24293 _d24293 |
||